| 000 | 00345nam a2200145Ia 4500 | ||
|---|---|---|---|
| 008 | 230312s9999||||xx |||||||||||||| ||und|| | ||
| 020 | _a97892520732 | ||
| 082 |
_a302.230 _bJUU-M |
||
| 100 | _aJuulie keane and jan mcmahon | ||
| 245 | 0 | _aMedia production and analysis | |
| 260 | _c2015 | ||
| 300 | _a286 | ||
| 650 | _aManagement | ||
| 942 | _cBK | ||
| 999 |
_c14633 _d14633 |
||